000 00893nam2a22002411 4500
001 RU\NLR\INFOCOMM17\ROSSICA\1000309112
005 20250613193513.0
035 _a(NLR Aleph) 009973868
090 _a9661080
_c9661080
100 _a20031010d1914 |||y0rusy50 ca
101 0 _ager
102 _aRU
105 _ay ||||000ay
200 0 _aLief.I
210 _d1914
_aБ. м.
461 0 _1001RU\NLR\INFOCOMM17\ROSSICA\1000309111
_12001#$aDie Fauna der Oberpalacozvischen Ablagerungen des Darvas$fTschernyschew, Th.N.$vLief.I
_1700#1$aTschernyschew$bTh.N.$4070
_99661076
_aTschernyschew, Th.N.
_cПетроградъ
_d1914
_fTschernyschew, Th.N.
_tDie Fauna der Oberpalacozvischen Ablagerungen des Darvas
_vLief.I
801 1 _aRU
_bInfoComm
_c20031010
801 0 _aRU
_bNLR
_gPSBO
852 _aNLR
_bРусский каталог
942 _cBOOK
980 _aNB
980 _aRossica